| 000 | 00936 a2200289 4500 | ||
|---|---|---|---|
| 001 | 63093 | ||
| 999 |
_c63093 _d16152 |
||
| 003 | TR-AnTOB | ||
| 005 | 20240917100433.0 | ||
| 008 | 070806s2006 tu 00100 tur | ||
| 020 | _a9750811550 | ||
| 040 | _aMETU | ||
| 041 | _atur | ||
| 050 |
_aNA1370 _b.N43 2006 |
||
| 090 | _aNA1370 .N43 2006 | ||
| 100 |
_aNecipoğlu, Gülru _9106538 |
||
| 245 | 0 |
_aTopkapı Sarayı : _b15. ve 16. yüzyılda mimari ,tören ve iktidar / _cGülru Necipoğlu ; çeviren :Ruşen Sezer. |
|
| 264 | 1 |
_aİstanbul : _bYKY, _cc1991, 2006. |
|
| 300 |
_avi, 336 p. : _bill., maps ; _c27 cm. |
||
| 610 | 2 |
_aTopkapı Palace (İstanbul, Turkey) _98178 |
|
| 650 |
_aArchitecture, Ottoman _zTurkey _zIstanbul _920395 |
||
| 651 |
_aTurkey _xCourt and courtiers _xSocial life and customs _934697 |
||
| 651 | 0 |
_aİstanbul (Turkey) _xBuildings, structures, etc. _9126227 |
|
| 700 |
_aSezer, Ruşen _933498 |
||
| 901 | _a0020349 | ||
| 902 | _aGT | ||
| 942 | _cBK | ||